000
00305nam a2200121Ia 4500
005
20251222141950.0
008
251222s9999||||xx |||||||||||||| ||spa||
082
_a
REF.004/M84
100
_a
Montero Cam, Victor
245
0
_a
Diccionario Ilustrado de Computación
264
_b
Víctor Montero
942
_c
LIB
999
_c
9650
_d
9650